000 00809nam a2200229 i 4500
003 IT-RoINE
005 20190624061708.0
008 120607s2012 sp a |r|||| 000 |bspa d
020 _a9788477315391
040 _aSpMaBN
_bspa
_cIT-RoINE
_dIT-RoINE
100 1 _aDelgado de la Rosa, Juan Antonio,
_d1965-
_96499
245 1 0 _aMariano Gamo :
_btestigo de la transición : cura obrero y marxista /
_cJuan Antonio Delgado de la Rosa.
260 _aMadrid :
_bEndymion Ensayo,
_c2012.
300 _a160 p. :
_bil. ;
_c20 cm.
336 _2rdacontent
_atext
337 _2rdamedia
_aunmediated
338 _2rdacarrier
_avolume
504 _aBibliografía: p. [141]-148.
600 1 4 _aGamo, Mariano,
_d1931-
_xBiografía
_96500
600 1 4 _96501
_aGamo, Mariano,
_d1931-
_xPensamiento político y social
942 _cMTS
999 _c3244
_d3244